[Event "67th Greek Championship"]
[Site "chess24.com"]
[Date "2017.12.18"]
[Round "4"]
[White "Nikolaidis, Ioannis"]
[Black "Sandalakis, Nikolaos"]
[Result "1-0"]
[Board "2"]
[WhiteElo "2517"]
[WhiteTitle "GM"]
[WhiteCountry "GRE"]
[WhiteFideId "4202139"]
[WhiteEloChange "1"]
[BlackElo "2213"]
[BlackCountry "GRE"]
[BlackFideId "4222890"]
[BlackEloChange "-3"]

1. Nf3 {[%clk 1:30:44]} d5 {[%clk 1:30:54]} 2. c4 {[%clk 1:30:35]} d4 {[%clk
1:31:13]} 3. e3 {[%clk 1:29:38]} Nc6 {[%clk 1:30:45]} 4. exd4 {[%clk 1:29:33]}
Nxd4 {[%clk 1:31:02]} 5. Nxd4 {[%clk 1:30:01]} Qxd4 {[%clk 1:31:26]} 6. Nc3
{[%clk 1:30:14]} c6 {[%clk 1:31:03]} 7. d3 {[%clk 1:29:49]} Nh6 {[%clk 1:29:45]}
8. Be2 {[%clk 1:26:32]} g6 {[%clk 1:21:44]} 9. Be3 {[%clk 1:24:10]} Qd8 {[%clk
1:21:44]} 10. g4 {[%clk 1:23:13]} Bg7 {[%clk 1:17:04]} 11. h3 {[%clk 1:20:07]} f5
{[%clk 1:15:03]} 12. Qd2 {[%clk 1:18:18]} Nf7 {[%clk 1:14:46]} 13. O-O-O {[%clk
1:14:55]} Qa5 {[%clk 1:05:16]} 14. Kb1 {[%clk 1:10:24]} b5 {[%clk 0:42:54]} 15.
cxb5 {[%clk 1:01:28]} Rb8 {[%clk 0:36:44]} 16. d4 {[%clk 0:41:57]} cxb5 {[%clk
0:33:03]} 17. Nd5 {[%clk 0:35:38]} b4 {[%clk 0:23:14]} 18. Bc4 {[%clk 0:30:21]}
Bb7 {[%clk 0:12:22]} 19. Nf4 {[%clk 0:29:40]} Be4+ {[%clk 0:05:15]} 20. Ka1
{[%clk 0:29:38]} Bxh1 {[%clk 0:05:02]} 21. Ne6 {[%clk 0:25:12]} Bf6 {[%clk
0:01:47]} 22. Rxh1 {[%clk 0:24:57]} Nd6 {[%clk 0:01:54]} 23. Bb3 {[%clk 0:24:52]}
g5 {[%clk 0:01:49]} 24. Bxg5 {[%clk 0:16:20]} Ne4 {[%clk 0:01:47]} 25. Qc2 {[%clk
0:16:34]} Kf7 {[%clk 0:00:35]} 26. gxf5 {[%clk 0:13:22]} Rhc8 {[%clk 0:00:35]}
1-0

[Event "67th Greek Championship"]
[Site "chess24.com"]
[Date "2017.12.18"]
[Round "4"]
[White "Pavlidis, Anastasios"]
[Black "Papakonstantinou, Dimitrios"]
[Result "0-1"]
[Board "3"]
[WhiteElo "2358"]
[WhiteTitle "IM"]
[WhiteCountry "GRE"]
[WhiteFideId "4208404"]
[WhiteEloChange "-13"]
[BlackElo "2251"]
[BlackCountry "GRE"]
[BlackFideId "4218655"]
[BlackEloChange "13"]

1. d4 {[%clk 1:30:56]} Nf6 {[%clk 1:30:53]} 2. c4 {[%clk 1:31:10]} g6 {[%clk
1:31:17]} 3. Nc3 {[%clk 1:31:31]} Bg7 {[%clk 1:31:42]} 4. e4 {[%clk 1:31:30]} d6
{[%clk 1:32:04]} 5. Nf3 {[%clk 1:31:48]} O-O {[%clk 1:32:24]} 6. Be2 {[%clk
1:32:10]} e5 {[%clk 1:32:48]} 7. O-O {[%clk 1:32:19]} Nc6 {[%clk 1:32:44]} 8. d5
{[%clk 1:32:41]} Ne7 {[%clk 1:33:10]} 9. Ne1 {[%clk 1:32:37]} Nd7 {[%clk
1:32:38]} 10. Be3 {[%clk 1:32:53]} f5 {[%clk 1:33:03]} 11. f3 {[%clk 1:33:15]} f4
{[%clk 1:33:03]} 12. Bf2 {[%clk 1:33:38]} g5 {[%clk 1:33:15]} 13. Rc1 {[%clk
1:33:48]} Rf6 {[%clk 1:32:51]} 14. Nd3 {[%clk 1:32:53]} b6 {[%clk 1:27:32]} 15.
b4 {[%clk 1:32:59]} Rh6 {[%clk 1:27:19]} 16. Be1 {[%clk 1:17:20]} Nf6 {[%clk
1:17:18]} 17. c5 {[%clk 1:14:44]} a6 {[%clk 1:16:22]} 18. cxd6 {[%clk 1:12:22]}
cxd6 {[%clk 1:16:32]} 19. Nf2 {[%clk 1:10:42]} Rg6 {[%clk 1:14:11]} 20. h3 {[%clk
1:09:47]} h5 {[%clk 1:11:57]} 21. Na4 {[%clk 1:06:49]} b5 {[%clk 0:54:44]} 22.
Nb2 {[%clk 1:06:19]} Bd7 {[%clk 0:49:09]} 23. Nbd3 {[%clk 0:49:56]} Rc8 {[%clk
0:43:49]} 24. Bc3 {[%clk 0:31:50]} g4 {[%clk 0:34:28]} 25. Bxe5 {[%clk 0:22:46]}
dxe5 {[%clk 0:31:55]} 26. Nxe5 {[%clk 0:22:38]} Rg5 {[%clk 0:29:57]} 27. Nxd7
{[%clk 0:22:45]} Qxd7 {[%clk 0:29:53]} 28. fxg4 {[%clk 0:20:50]} hxg4 {[%clk
0:28:41]} 29. Rxc8+ {[%clk 0:18:24]} Qxc8 {[%clk 0:25:41]} 30. d6 {[%clk
0:12:51]} Nc6 {[%clk 0:19:59]} 31. Nxg4 {[%clk 0:12:03]} Nd4 {[%clk 0:14:34]} 32.
Nxf6+ {[%clk 0:06:31]} Bxf6 {[%clk 0:15:03]} 33. Bg4 {[%clk 0:06:11]} Qb8 {[%clk
0:13:20]} 34. d7 {[%clk 0:06:27]} Qd6 {[%clk 0:13:04]} 35. Kh1 {[%clk 0:05:37]}
Kh7 {[%clk 0:11:46]} 36. g3 {[%clk 0:02:48]} fxg3 {[%clk 0:09:56]} 37. Qd3 {[%clk
0:00:35]} Kg7 {[%clk 0:07:05]} 38. Kg2 {[%clk 0:01:00]} Be5 {[%clk 0:02:13]} 39.
Rc1 {[%clk 0:00:48]} Rxg4 {[%clk 0:01:39]} 40. hxg4 {[%clk 0:30:42]} Qxd7 {[%clk
0:31:42]} 41. Rc5 {[%clk 0:24:10]} Qf7 {[%clk 0:27:08]} 42. g5 {[%clk 0:10:25]}
Qf2+ {[%clk 0:25:32]} 43. Kh3 {[%clk 0:10:50]} Qh2+ {[%clk 0:25:36]} 44. Kg4
{[%clk 0:11:08]} g2 {[%clk 0:25:50]} 45. Rc7+ {[%clk 0:11:08]} Kg6 {[%clk
0:25:51]} 0-1

[Event "67th Greek Championship"]
[Site "chess24.com"]
[Date "2017.12.18"]
[Round "4"]
[White "Moutousis, Konstantinos"]
[Black "Kelires, Andreas"]
[Result "1/2-1/2"]
[Board "4"]
[WhiteElo "2389"]
[WhiteTitle "IM"]
[WhiteCountry "GRE"]
[WhiteFideId "4200071"]
[WhiteEloChange "4"]
[BlackElo "2519"]
[BlackTitle "GM"]
[BlackCountry "GRE"]
[BlackFideId "5900727"]
[BlackEloChange "-2"]

1. d4 {[%clk 1:30:32]} Nf6 {[%clk 1:30:49]} 2. c4 {[%clk 1:30:36]} e6 {[%clk
1:31:11]} 3. Nc3 {[%clk 1:31:01]} Bb4 {[%clk 1:31:35]} 4. e3 {[%clk 1:31:20]} b6
{[%clk 1:31:46]} 5. Bd3 {[%clk 1:25:23]} Bb7 {[%clk 1:31:31]} 6. Ne2 {[%clk
1:25:46]} O-O {[%clk 1:25:29]} 7. a3 {[%clk 1:23:29]} Be7 {[%clk 1:24:09]} 8. e4
{[%clk 1:22:39]} d5 {[%clk 1:15:33]} 9. cxd5 {[%clk 1:22:47]} exd5 {[%clk
1:15:59]} 10. e5 {[%clk 1:23:14]} Ne4 {[%clk 1:16:27]} 11. Qc2 {[%clk 1:15:30]}
c5 {[%clk 0:58:05]} 12. Nxe4 {[%clk 1:12:47]} dxe4 {[%clk 0:58:32]} 13. Bxe4
{[%clk 1:13:07]} Bxe4 {[%clk 0:58:41]} 14. Qxe4 {[%clk 1:13:32]} Nd7 {[%clk
0:59:05]} 15. d5 {[%clk 1:12:28]} Re8 {[%clk 0:59:25]} 16. O-O {[%clk 1:11:11]}
Bf8 {[%clk 0:51:00]} 17. f4 {[%clk 1:09:50]} Nf6 {[%clk 0:49:18]} 18. Qc2 {[%clk
1:10:13]} Nxd5 {[%clk 0:49:43]} 19. Rd1 {[%clk 1:10:39]} Re7 {[%clk 0:50:08]} 20.
Nc3 {[%clk 1:08:18]} Rd7 {[%clk 0:48:23]} 21. Nxd5 {[%clk 1:08:42]} Rxd5 {[%clk
0:48:49]} 22. Be3 {[%clk 1:09:08]} Rc8 {[%clk 0:38:57]} 23. Rxd5 {[%clk 1:07:30]}
Qxd5 {[%clk 0:39:25]} 24. Rd1 {[%clk 1:07:53]} Qe6 {[%clk 0:28:01]} 25. Qe4
{[%clk 1:05:47]} g6 {[%clk 0:26:54]} 26. Rd5 {[%clk 0:56:24]} Be7 {[%clk
0:25:54]} 27. a4 {[%clk 0:52:10]} c4 {[%clk 0:19:05]} 28. Bd4 {[%clk 0:45:48]} h5
{[%clk 0:13:44]} 29. Kf2 {[%clk 0:44:48]} Rc7 {[%clk 0:10:05]} 30. Ke3 {[%clk
0:43:30]} Kh7 {[%clk 0:09:25]} 31. a5 {[%clk 0:33:05]} bxa5 {[%clk 0:09:40]} 32.
Rxa5 {[%clk 0:33:23]} a6 {[%clk 0:09:12]} 33. Qd5 {[%clk 0:32:13]} Qf5 {[%clk
0:08:56]} 34. Qe4 {[%clk 0:31:15]} Qe6 {[%clk 0:09:21]} 35. Qd5 {[%clk 0:29:00]}
Qf5 {[%clk 0:09:46]} 36. Qe4 {[%clk 0:20:34]} Qe6 {[%clk 0:10:11]} 37. Qd5 {[%clk
0:20:58]} Qf5 {[%clk 0:10:25]} 38. Qe4 {[%clk 0:21:23]} Qe6 {[%clk 0:10:25]}
1/2-1/2

[Event "67th Greek Championship"]
[Site "chess24.com"]
[Date "2017.12.19"]
[Round "5"]
[White "Mastrovasilis, Athanasios"]
[Black "Nikolaidis, Ioannis"]
[Result "1/2-1/2"]
[Board "1"]
[WhiteElo "2493"]
[WhiteTitle "GM"]
[WhiteCountry "GRE"]
[WhiteFideId "4201990"]
[BlackElo "2517"]
[BlackTitle "GM"]
[BlackCountry "GRE"]
[BlackFideId "4202139"]

1. d4 {[%clk 1:30:56]} Nf6 {[%clk 1:30:34]} 2. c4 {[%clk 1:31:08]} g6 {[%clk
1:30:17]} 3. g3 {[%clk 1:28:57]} c6 {[%clk 1:29:51]} 4. Bg2 {[%clk 1:28:41]} d5
{[%clk 1:30:06]} 5. cxd5 {[%clk 1:28:27]} cxd5 {[%clk 1:30:29]} 6. Nf3 {[%clk
1:27:57]} Bg7 {[%clk 1:30:48]} 7. O-O {[%clk 1:27:35]} O-O {[%clk 1:31:00]} 8.
Nc3 {[%clk 1:27:10]} b6 {[%clk 1:31:06]} 9. b3 {[%clk 1:06:41]} Nc6 {[%clk
1:22:23]} 10. Ne5 {[%clk 1:00:07]} Bb7 {[%clk 1:20:17]} 11. Bb2 {[%clk 0:59:40]}
a6 {[%clk 1:05:58]} 12. Rc1 {[%clk 0:50:16]} Rc8 {[%clk 1:04:25]} 13. Qd3 {[%clk
0:42:28]} e6 {[%clk 1:00:50]} 14. Nxc6 {[%clk 0:40:21]} Rxc6 {[%clk 1:00:50]} 15.
Na4 {[%clk 0:40:30]} Qa8 {[%clk 0:43:34]} 16. Rxc6 {[%clk 0:38:04]} Bxc6 {[%clk
0:42:25]} 17. Rc1 {[%clk 0:38:08]} Nd7 {[%clk 0:33:28]} 18. e3 {[%clk 0:30:19]}
Rc8 {[%clk 0:29:39]} 19. Bf1 {[%clk 0:26:46]} Bb5 {[%clk 0:28:23]} 20. Rxc8+
{[%clk 0:25:13]} Qxc8 {[%clk 0:28:06]} 21. Qc3 {[%clk 0:25:20]} Qxc3 {[%clk
0:27:54]} 22. Bxc3 {[%clk 0:24:45]} Bxf1 {[%clk 0:27:36]} 23. Kxf1 {[%clk
0:25:11]} Bf8 {[%clk 0:26:50]} 24. Nb2 {[%clk 0:24:19]} Nb8 {[%clk 0:26:07]} 25.
Nd3 {[%clk 0:23:58]} Nc6 {[%clk 0:26:19]} 26. Ne5 {[%clk 0:20:05]} Nb8 {[%clk
0:25:53]} 27. Nd3 {[%clk 0:20:13]} Nc6 {[%clk 0:26:18]} 28. Ne5 {[%clk 0:20:38]}
Nb8 {[%clk 0:26:45]} 29. Nd3 {[%clk 0:20:54]} Nc6 {[%clk 0:27:11]} 30. Ne5 {[%clk
0:21:01]} Nb8 {[%clk 0:27:37]} 1/2-1/2

[Event "67th Greek Championship"]
[Site "chess24.com"]
[Date "2017.12.19"]
[Round "5"]
[White "Papakonstantinou, Dimitrios"]
[Black "Moutousis, Konstantinos"]
[Result "1/2-1/2"]
[Board "2"]
[WhiteElo "2251"]
[WhiteCountry "GRE"]
[WhiteFideId "4218655"]
[WhiteEloChange "4"]
[BlackElo "2389"]
[BlackTitle "IM"]
[BlackCountry "GRE"]
[BlackFideId "4200071"]
[BlackEloChange "-4"]

1. e4 {[%clk 1:30:55]} e5 {[%clk 1:28:27]} 2. Nf3 {[%clk 1:31:06]} Nc6 {[%clk
1:28:50]} 3. d4 {[%clk 1:30:52]} exd4 {[%clk 1:29:15]} 4. Nxd4 {[%clk 1:31:16]}
Bb4+ {[%clk 1:26:55]} 5. c3 {[%clk 1:31:07]} Be7 {[%clk 1:27:18]} 6. Nxc6 {[%clk
1:26:04]} bxc6 {[%clk 1:27:18]} 7. Bc4 {[%clk 1:23:20]} Nf6 {[%clk 1:18:00]} 8.
e5 {[%clk 1:21:13]} Nd5 {[%clk 1:18:21]} 9. O-O {[%clk 1:16:11]} Nb6 {[%clk
1:12:43]} 10. Bd3 {[%clk 1:14:22]} d6 {[%clk 1:08:59]} 11. Bf4 {[%clk 1:10:06]}
Nd5 {[%clk 0:50:03]} 12. Bg3 {[%clk 1:09:40]} h5 {[%clk 0:50:29]} 13. h3 {[%clk
1:07:45]} h4 {[%clk 0:46:36]} 14. Bh2 {[%clk 1:08:09]} Be6 {[%clk 0:41:11]} 15.
Na3 {[%clk 0:53:54]} dxe5 {[%clk 0:31:14]} 16. Bxe5 {[%clk 0:53:26]} Bd6 {[%clk
0:31:41]} 17. Nc4 {[%clk 0:42:27]} Bxe5 {[%clk 0:20:48]} 18. Nxe5 {[%clk
0:42:45]} Qg5 {[%clk 0:20:48]} 19. Nf3 {[%clk 0:41:24]} Qf6 {[%clk 0:21:10]} 20.
Nd4 {[%clk 0:38:29]} Bd7 {[%clk 0:21:31]} 21. Re1+ {[%clk 0:37:14]} Kf8 {[%clk
0:21:56]} 22. Qf3 {[%clk 0:35:54]} Qxf3 {[%clk 0:21:55]} 23. Nxf3 {[%clk
0:36:16]} Rb8 {[%clk 0:21:57]} 24. Ne5 {[%clk 0:32:24]} Be8 {[%clk 0:22:13]} 25.
Nc4 {[%clk 0:30:39]} f6 {[%clk 0:22:04]} 26. Rad1 {[%clk 0:28:40]} Rh5 {[%clk
0:18:50]} 27. Rd2 {[%clk 0:26:53]} Rg5 {[%clk 0:18:36]} 28. Kh2 {[%clk 0:26:48]}
Bf7 {[%clk 0:18:29]} 29. Bf1 {[%clk 0:26:07]} g6 {[%clk 0:18:09]} 30. Re4 {[%clk
0:24:10]} Rh5 {[%clk 0:16:27]} 31. Be2 {[%clk 0:23:40]} Rh7 {[%clk 0:16:09]} 32.
Na5 {[%clk 0:22:35]} Be8 {[%clk 0:14:45]} 33. c4 {[%clk 0:22:00]} Ne7 {[%clk
0:15:04]} 34. Nb3 {[%clk 0:21:47]} Nf5 {[%clk 0:14:46]} 35. Nc5 {[%clk 0:20:31]}
Re7 {[%clk 0:14:51]} 36. b3 {[%clk 0:13:23]} Rxe4 {[%clk 0:14:02]} 37. Nxe4
{[%clk 0:13:52]} Ke7 {[%clk 0:14:24]} 38. Bg4 {[%clk 0:13:55]} Nd6 {[%clk
0:14:17]} 39. Nc5 {[%clk 0:14:15]} f5 {[%clk 0:14:03]} 40. Bf3 {[%clk 0:44:13]}
Nf7 {[%clk 0:41:06]} 41. Re2+ {[%clk 0:19:40]} Kd6 {[%clk 0:40:25]} 42. Na6
{[%clk 0:19:38]} Rc8 {[%clk 0:40:07]} 43. c5+ {[%clk 0:13:53]} Kd7 {[%clk
0:40:15]} 44. Nb4 {[%clk 0:14:01]} Nd8 {[%clk 0:40:32]} 45. Nd3 {[%clk 0:12:05]}
Nf7 {[%clk 0:40:36]} 46. Nb4 {[%clk 0:12:32]} Nd8 {[%clk 0:41:02]} 47. g3 {[%clk
0:11:10]} hxg3+ {[%clk 0:39:44]} 48. Kxg3 {[%clk 0:11:26]} Rb8 {[%clk 0:39:11]}
49. Nd3 {[%clk 0:11:27]} Nf7 {[%clk 0:35:17]} 50. Kf4 {[%clk 0:11:30]} Rd8 {[%clk
0:35:03]} 51. Nb4 {[%clk 0:09:43]} Kc8 {[%clk 0:35:29]} 52. Nxc6 {[%clk 0:09:50]}
Bxc6 {[%clk 0:34:48]} 53. Bxc6 {[%clk 0:10:19]} Rd4+ {[%clk 0:34:53]} 54. Kg3
{[%clk 0:10:01]} Rd3+ {[%clk 0:34:46]} 55. f3 {[%clk 0:09:06]} Nd8 {[%clk
0:34:44]} 56. Re8 {[%clk 0:09:06]} Rc3 {[%clk 0:33:21]} 57. b4 {[%clk 0:09:09]}
a5 {[%clk 0:33:42]} 58. b5 {[%clk 0:05:39]} a4 {[%clk 0:34:02]} 59. Rg8 {[%clk
0:03:56]} Rxc5 {[%clk 0:33:59]} 60. Rxg6 {[%clk 0:04:13]} Nxc6 {[%clk 0:34:22]}
61. bxc6 {[%clk 0:04:36]} Kd8 {[%clk 0:33:57]} 62. Kf4 {[%clk 0:04:38]} Ke7
{[%clk 0:33:18]} 63. h4 {[%clk 0:04:13]} Rc2 {[%clk 0:30:40]} 64. Kxf5 {[%clk
0:03:32]} Rxa2 {[%clk 0:31:00]} 65. Rg7+ {[%clk 0:02:38]} Kd6 {[%clk 0:31:21]}
66. Rg6+ {[%clk 0:02:58]} Kd5 {[%clk 0:31:35]} 67. Rg4 {[%clk 0:02:14]} a3 {[%clk
0:28:42]} 68. Ra4 {[%clk 0:02:24]} Kxc6 {[%clk 0:29:08]} 69. h5 {[%clk 0:02:49]}
Kb5 {[%clk 0:29:25]} 70. Ra7 {[%clk 0:03:13]} c5 {[%clk 0:16:49]} 71. h6 {[%clk
0:03:09]} Kb4 {[%clk 0:16:21]} 72. h7 {[%clk 0:02:24]} Rh2 {[%clk 0:16:45]} 73.
Kg6 {[%clk 0:02:31]} c4 {[%clk 0:16:43]} 74. Rb7+ {[%clk 0:01:45]} Kc3 {[%clk
0:15:13]} 75. Ra7 {[%clk 0:02:09]} Kb2 {[%clk 0:15:33]} 76. Rb7+ {[%clk 0:02:35]}
Kc2 {[%clk 0:09:51]} 77. Ra7 {[%clk 0:02:59]} Kb2 {[%clk 0:10:09]} 78. Rb7+
{[%clk 0:03:25]} Ka1 {[%clk 0:07:01]} 79. Rc7 {[%clk 0:03:23]} a2 {[%clk
0:07:17]} 80. Rxc4 {[%clk 0:03:48]} Kb2 {[%clk 0:07:45]} 81. Ra4 {[%clk 0:03:45]}
a1Q {[%clk 0:07:55]} 82. Rxa1 {[%clk 0:04:10]} Kxa1 {[%clk 0:08:19]} 83. Kg7
{[%clk 0:04:39]} Rg2+ {[%clk 0:08:42]} 84. Kf7 {[%clk 0:04:56]} Rh2 {[%clk
0:09:00]} 85. Kg7 {[%clk 0:05:21]} Rg2+ {[%clk 0:09:25]} 86. Kf7 {[%clk 0:05:48]}
Rh2 {[%clk 0:09:51]} 87. Kg7 {[%clk 0:06:16]} Rg2+ {[%clk 0:10:16]} 88. Kf7
{[%clk 0:06:44]} Rh2 {[%clk 0:10:39]} 89. Kg7 {[%clk 0:07:12]} Rg2+ {[%clk
0:11:04]} 90. Kf8 {[%clk 0:07:36]} Rh2 {[%clk 0:11:30]} 91. Kg7 {[%clk 0:08:02]}
Rg2+ {[%clk 0:11:57]} 1/2-1/2

[Event "67th Greek Championship"]
[Site "chess24.com"]
[Date "2017.12.19"]
[Round "5"]
[White "Sandalakis, Nikolaos"]
[Black "Pavlidis, Anastasios"]
[Result "1-0"]
[Board "3"]
[WhiteElo "2213"]
[WhiteCountry "GRE"]
[WhiteFideId "4222890"]
[WhiteEloChange "14"]
[BlackElo "2358"]
[BlackTitle "IM"]
[BlackCountry "GRE"]
[BlackFideId "4208404"]
[BlackEloChange "-14"]

1. e4 {[%clk 1:30:52]} c5 {[%clk 1:30:45]} 2. Nf3 {[%clk 1:31:12]} d6 {[%clk
1:30:48]} 3. d4 {[%clk 1:31:32]} cxd4 {[%clk 1:31:07]} 4. Nxd4 {[%clk 1:31:56]}
Nf6 {[%clk 1:31:19]} 5. Nc3 {[%clk 1:32:17]} a6 {[%clk 1:31:01]} 6. h3 {[%clk
1:32:18]} e6 {[%clk 1:27:51]} 7. g4 {[%clk 1:31:38]} Be7 {[%clk 1:28:14]} 8. Bg2
{[%clk 1:31:38]} Qc7 {[%clk 1:25:58]} 9. Be3 {[%clk 1:14:12]} Nfd7 {[%clk
1:24:29]} 10. Qd2 {[%clk 1:09:35]} Nc6 {[%clk 1:23:37]} 11. O-O-O {[%clk
1:04:08]} Nce5 {[%clk 1:09:39]} 12. b3 {[%clk 1:03:59]} Nb6 {[%clk 0:32:14]} 13.
f4 {[%clk 0:57:56]} Nc6 {[%clk 0:30:56]} 14. g5 {[%clk 0:49:06]} Bd7 {[%clk
0:26:16]} 15. Rhe1 {[%clk 0:37:42]} Rc8 {[%clk 0:24:52]} 16. Nd5 {[%clk 0:32:12]}
exd5 {[%clk 0:24:30]} 17. exd5 {[%clk 0:32:34]} Nxd4 {[%clk 0:21:57]} 18. Bxd4
{[%clk 0:32:57]} Bf5 {[%clk 0:19:51]} 19. Be4 {[%clk 0:21:56]} Bxe4 {[%clk
0:20:01]} 20. Rxe4 {[%clk 0:21:49]} Nxd5 {[%clk 0:19:54]} 21. Bxg7 {[%clk
0:21:32]} Rg8 {[%clk 0:20:07]} 22. Bf6 {[%clk 0:20:19]} Kf8 {[%clk 0:20:09]} 23.
Rc4 {[%clk 0:19:45]} Qd8 {[%clk 0:06:14]} 24. Rxc8 {[%clk 0:20:10]} Qxc8 {[%clk
0:06:40]} 25. Qxd5 {[%clk 0:20:31]} Qc6 {[%clk 0:05:02]} 26. Bxe7+ {[%clk
0:14:51]} Kxe7 {[%clk 0:05:27]} 27. Re1+ {[%clk 0:15:18]} Kf8 {[%clk 0:05:50]}
28. Qd4 {[%clk 0:15:36]} Qc5 {[%clk 0:03:59]} 29. Qf6 {[%clk 0:15:33]} d5 {[%clk
0:03:46]} 30. f5 {[%clk 0:13:31]} Qc6 {[%clk 0:03:45]} 31. Qe7+ {[%clk 0:07:34]}
Kg7 {[%clk 0:04:09]} 32. Qe5+ {[%clk 0:07:28]} f6 {[%clk 0:03:44]} 33. gxf6+
{[%clk 0:07:23]} Kh6 {[%clk 0:04:01]} 34. Qf4+ {[%clk 0:04:22]} Kh5 {[%clk
0:04:26]} 35. f7 {[%clk 0:04:47]} Rc8 {[%clk 0:02:44]} 36. Qg4+ {[%clk 0:05:08]}
Kh6 {[%clk 0:03:10]} 37. Re6+ {[%clk 0:05:33]} 1-0

[Event "67th Greek Championship"]
[Site "chess24.com"]
[Date "2017.12.19"]
[Round "5"]
[White "Kelires, Andreas"]
[Black "Michelakos, Panagiotis"]
[Result "1-0"]
[Board "4"]
[WhiteElo "2519"]
[WhiteTitle "GM"]
[WhiteCountry "GRE"]
[WhiteFideId "5900727"]
[WhiteEloChange "2"]
[BlackElo "2272"]
[BlackCountry "GRE"]
[BlackFideId "4216067"]
[BlackEloChange "-4"]

1. d4 {[%clk 1:29:02]} Nf6 {[%clk 1:30:46]} 2. Nf3 {[%clk 1:29:28]} g6 {[%clk
1:30:46]} 3. Bg5 {[%clk 1:29:49]} Bg7 {[%clk 1:31:09]} 4. Nbd2 {[%clk 1:30:03]}
O-O {[%clk 1:31:12]} 5. e3 {[%clk 1:30:28]} d6 {[%clk 1:30:27]} 6. Bc4 {[%clk
1:30:35]} c5 {[%clk 1:26:44]} 7. c3 {[%clk 1:29:13]} d5 {[%clk 1:23:02]} 8. Be2
{[%clk 1:29:26]} b6 {[%clk 1:20:45]} 9. O-O {[%clk 1:29:25]} Nbd7 {[%clk
1:18:53]} 10. a4 {[%clk 1:29:25]} a6 {[%clk 1:15:51]} 11. Bh4 {[%clk 1:27:14]}
Bb7 {[%clk 1:15:25]} 12. h3 {[%clk 1:25:46]} Re8 {[%clk 1:12:26]} 13. Bg3 {[%clk
1:25:29]} Ne4 {[%clk 0:49:36]} 14. Nxe4 {[%clk 1:19:53]} dxe4 {[%clk 0:50:00]}
15. Nd2 {[%clk 1:20:22]} e5 {[%clk 0:42:32]} 16. Nc4 {[%clk 1:18:30]} exd4 {[%clk
0:40:28]} 17. Nd6 {[%clk 1:11:59]} d3 {[%clk 0:40:17]} 18. Nxb7 {[%clk 1:11:32]}
dxe2 {[%clk 0:40:36]} 19. Qxe2 {[%clk 1:11:55]} Qe7 {[%clk 0:39:33]} 20. Nd6
{[%clk 1:10:58]} Red8 {[%clk 0:28:49]} 21. Rfd1 {[%clk 1:09:26]} Nf6 {[%clk
0:27:04]} 22. Rd2 {[%clk 1:07:08]} Ne8 {[%clk 0:18:23]} 23. Rad1 {[%clk 1:07:24]}
Nxd6 {[%clk 0:18:46]} 24. Rxd6 {[%clk 1:03:48]} Rxd6 {[%clk 0:18:44]} 25. Rxd6
{[%clk 1:04:10]} b5 {[%clk 0:17:46]} 26. axb5 {[%clk 0:56:58]} axb5 {[%clk
0:18:12]} 27. Qxb5 {[%clk 0:57:16]} Be5 {[%clk 0:17:23]} 28. Rd5 {[%clk 0:57:33]}
Bxg3 {[%clk 0:15:02]} 29. fxg3 {[%clk 0:57:59]} Rc8 {[%clk 0:10:59]} 30. Kh2
{[%clk 0:56:38]} h5 {[%clk 0:10:41]} 31. h4 {[%clk 0:56:55]} Kg7 {[%clk 0:09:20]}
32. Rd7 {[%clk 0:55:27]} Qe6 {[%clk 0:08:31]} 33. Qb7 {[%clk 0:55:44]} Re8 {[%clk
0:07:04]} 34. Qc7 {[%clk 0:55:55]} c4 {[%clk 0:05:51]} 35. Qa7 {[%clk 0:52:59]}
Kg8 {[%clk 0:04:23]} 36. Qd4 {[%clk 0:52:32]} Rb8 {[%clk 0:02:19]} 37. Rd5 {[%clk
0:52:34]} Qg4 {[%clk 0:00:58]} 38. Rd8+ {[%clk 0:51:02]} Rxd8 {[%clk 0:01:23]}
39. Qxd8+ {[%clk 0:51:28]} Kh7 {[%clk 0:01:27]} 40. Qd5 {[%clk 1:21:54]} Qe6
{[%clk 0:31:36]} 41. Qxe6 {[%clk 1:21:51]} fxe6 {[%clk 0:31:53]} 42. g4 {[%clk
1:21:53]} Kg7 {[%clk 0:22:48]} 43. g5 {[%clk 1:22:11]} e5 {[%clk 0:22:54]} 44. g4
{[%clk 1:22:37]} hxg4 {[%clk 0:23:18]} 45. Kg3 {[%clk 1:22:37]} 1-0